000
00342nam a22001577a 4500
003
SGT
020
_a
978-0-07-14-7691-1
082
_a
610
_b
FAU
100
_a
FAUCI, ANTHONY
245
_a
HARRISON'S INTERNAL MEDICINE
250
_a
17TH
260
_a
USA
_b
MC GRAW HILL
_c
2008
300
_a
1364
650
_a
MEDICINE
942
_2
ddc
_c
BK
999
_c
32406
_d
32406